Valuación de activos intangibles en torno a los objetivos de los Estados Contables (Registro nro. 22834)

Detalles MARC
000 -LEADER
fixed length control field 00363 a2200109 4500
001 - CONTROL NUMBER
control field ART_6814
005 - DATE AND TIME OF LATEST TRANSACTION
control field 20260410161826.0
008 - FIXED-LENGTH DATA ELEMENTS--GENERAL INFORMATION
fixed length control field 260409a
100 1# - MAIN ENTRY--PERSONAL NAME
Personal name Morettini, Mariano
245 10 - TITLE STATEMENT
Title Valuación de activos intangibles en torno a los objetivos de los Estados Contables
773 0# - HOST ITEM ENTRY
Title FACES
Related parts - Año 16, Nº 34/35 (ene./dic. 2010)
Record control number REV5046

No hay ítems disponibles.